00911pab a2200181 454500008004000000100001900040245007300059260000900132300001300141362001100154520036500165650002300530773003400553908000600587909001100593999001900604952010600623180718b2014 xxu||||| |||| 00| 0 eng d aBhardwaj, Atul aAdmiral D K Joshi's resignation more a policy issue than procurement c2014 ap.12-15. a22 Mar aThe resignation of the chief of naval staff has failed to halt the series of gas-leak episodes in the Indian Navy. An important lesson from Admiral Joshi's resignation is that India's security and civil-military equation is linked not just to the speed of arms procurement, but also to the ironing out of differences on the maritime policy front. - Reproduced. aMarine engineering aEconomic and Political Weekly aN a103472 c103468d103468 00104070aIIPAbIIPAd2018-07-19hVolume no: 49, Issue no: 12pAR103932r2018-07-19w2018-07-19yAR